Ngữ âm học đại cương
Đã lưu trong:
| Tác giả chính: | |
|---|---|
| Định dạng: | Sách |
| Được phát hành: |
TP. HCM
Tổng hợp
1998
|
| Những chủ đề: | |
| Các nhãn: |
Thêm thẻ
Không có thẻ, Là người đầu tiên thẻ bản ghi này!
|
| Thư viện lưu trữ: | Trung tâm Học liệu Lê Vũ Hùng, Trường Đại học Đồng Tháp |
|---|
| LEADER | 00661pam a22002298a 4500 | ||
|---|---|---|---|
| 001 | 00037948 | ||
| 005 | 20171026081025.0 | ||
| 008 | 170514s1998 ||||||Viesd | ||
| 041 | 0 | # | |a Vie |
| 082 | 1 | 4 | |a 414 |b NG550AA |
| 100 | 1 | # | |a L.R.Zinder |
| 245 | 1 | 0 | |a Ngữ âm học đại cương |c L.R.Zinder |
| 260 | # | # | |a TP. HCM |b Tổng hợp |c 1998 |
| 653 | # | # | |a Ngữ âm |
| 653 | # | # | |a Đại cương |
| 852 | # | # | |b Kho mượn |j KM.0022230 |
| 852 | # | # | |b Kho đọc |j KD.0021152 |
| 852 | # | # | |j KD.0021152 |j KM.0022230 |
| 910 | |d 14/05/2017 | ||
| 980 | # | # | |a Trung tâm Học liệu Lê Vũ Hùng, Trường Đại học Đồng Tháp |